Podział administracyjny Chile - Statystyki

Ogólne statystyki
  • Ten quiz został rozwiązany 17 razy
  • Średni wynik to 8 z 16
Statystyki odpowiedzi
Obrazkowy Odpowiedź % Poprawnych
Antofagasta
100%
Atakama
100%
Biobío
67%
Los Lagos
67%
Los Ríos
67%
Region Metropolitalny
67%
Aisén
33%
Araukania
33%
Arica y Parinacota
33%
Coquimbo
33%
Magallanes
33%
Maule
33%
Ñuble
33%
O’Higgins
33%
Tarapacá
33%
Valparaíso
33%
Nie znaleziono quizów pasujących do podanych kryteriów
Rozkład punktacji
Procent ludzi z każdym wynikiem
Percentyl według liczby udzielonych odpowiedzi
Twoja historia wyników
Nie rozwiązałeś tego quizu